00369nam a2200097Ia 4500008004100000100002100041245009500062245002900157260000900186856007600195160531s9999 xx 000 0 und d aJonas, Daniel E. aPsychological and Pharmacological Treatments for Adults With Posttraumatic Stress Disorder cby Daniel E Jonas et al. c2013 uhttp://www.ncbi.nlm.nih.gov/books/NBK137702/pdf/Bookshelf_NBK137702.pdf